|
|
|
|
| LEADER |
00000nam a2200000 i 4500 |
| 003 |
Ucuenca |
| 005 |
20230308231303.0 |
| 006 |
a||||fr|||| 0|1 | |
| 007 |
ta |
| 008 |
220216s2017 sp f |||| 0|1 | spa a |
| 020 |
|
|
|a 978-84-9784-980-7
|
| 040 |
|
|
|a UCuenca-cdrjbv
|b spa
|c UCuenca
|e rda
|
| 041 |
1 |
|
|a spa
|h ger
|
| 082 |
0 |
|
|2 22
|a 303
|c 34282503
|
| 100 |
1 |
|
|9 221981
|a Simmel, Georg.
|d 1858-1918
|e autor
|
| 245 |
|
|
|a Sobre la diferencia social:
|b investigaciones sociológicas y psicológicas /
|c Georg Simmel, traducción de Lionel Lewkow, prefacio de Esteban Vernik.
|
| 250 |
|
|
|a Primera edición
|
| 264 |
|
1 |
|a Barcelona:
|b Editorial Gedisa,
|c 2017.
|
| 300 |
|
|
|a 266 páginas:
|c 20 cm
|
| 336 |
|
|
|2 rdacontent
|a texto
|b txt
|
| 337 |
|
|
|2 rdamedia
|a no mediado
|b n
|
| 338 |
|
|
|2 rdacarrier
|a volumen
|b nc
|
| 490 |
|
|
|a Teoría Social
|
| 504 |
|
|
|a incl. ref.
|
| 505 |
0 |
|
|a Introducción. La teoría del conocimiento de las ciencias sociales -- Sobre la responsabilidad colectiva -- La expansión del grupo y la formación de la individualidad -- El nivel social -- Sobre el entrecruzamiento de los círculos sociales -- La diferenciación y el principio de ahorro de energía.
|
| 650 |
1 |
7 |
|2 UCuenca-cdrjbv
|9 1136
|a Clases sociales
|
| 650 |
1 |
7 |
|2 UCuenca-cdrjbv
|9 7172
|a Teoría del conocimiento
|
| 650 |
1 |
7 |
|2 UCuenca-cdrjbv
|9 8827
|a Procesos sociales
|
| 651 |
|
|
|2 UCuenca-cdrjbv
|
| 700 |
1 |
|
|9 268358
|a Lewkow, Lionel.
|e Traductor
|
| 942 |
|
|
|2 ddc
|c BK
|z maria.lopezr@ucuenca.edu.ec
|
| 999 |
|
|
|c 159898
|d 159898
|